[Event "Indonesia Open 2013"]
[Site "Jakarta INA"]
[Date "2013.10.16"]
[Round "9.30"]
[White "Davletbayeva, Madina"]
[Black "Barus, Cerdas"]
[Result "1/2-1/2"]
[WhiteTitle "WIM"]
[BlackTitle "GM"]
[WhiteElo "2259"]
[BlackElo "2396"]
[WhiteFideId "13703595"]
[BlackFideId "7100094"]
[EventDate "2013.10.10"]

1. e4 e5 2. Nf3 Nc6 3. Bb5 a6 4. Ba4 Nf6 5. d3 b5 6. Bb3 Bc5 7. O-O d6 8. a4 b4
9. a5 O-O 10. h3 Rb8 11. Bc4 h6 12. Nbd2 Ne7 13. Re1 Ng6 14. Nf1 c6 15. Ng3 d5
16. Bb3 d4 17. Bc4 Bd6 18. Bd2 Kh7 19. Nf5 Bc7 20. Qc1 Ng8 21. Qd1 Nf6 22. Qc1
Ng8 23. Qd1 f6 24. g4 c5 25. g5 N8e7 26. N3h4 fxg5 27. Bxg5 Qe8 28. Bxe7 Nxe7
29. Nxe7 Qxe7 30. Qh5 Qf6 31. Nf5 Bd7 32. Re2 Be8 33. Qh4 Qxh4 34. Nxh4 Rf6 35.
Nf5 Bd8 36. Kh2 g6 37. Ng3 Bd7 38. Nf1 Be7 39. Nd2 Rbf8 40. f3 Rc6 41. Bd5 Rc7
42. Kg2 Bg5 43. Nc4 Bf4 44. Nb6 Bb5 45. Bc4 Bxc4 46. Nxc4 Rcf7 47. Nb6 Bg5 48.
Rf1 Bd8 49. Nc4 Bc7 50. Ref2 h5 51. Kg3 Rf4 52. Kg2 Kg7 53. Kg3 Kf6 54. Kh2 Ke6
55. b3 Bd8 56. Rg2 g5 57. Nd2 Rh8 58. Kg3 Bf6 59. Kf2 Rg8 60. Ke2 Rh4 61. Rg3
Rf4 62. Rg2 Kd7 63. Nc4 Kc6 1/2-1/2

[Event "Indonesia Open 2013"]
[Site "Jakarta INA"]
[Date "2013.10.16"]
[Round "9.31"]
[White "Fernandez, Daniel Howard"]
[Black "Medina, Warda Aulia"]
[Result "0-1"]
[WhiteTitle "IM"]
[BlackTitle "WIM"]
[WhiteElo "2389"]
[BlackElo "2319"]
[WhiteFideId "5801605"]
[BlackFideId "7101570"]
[EventDate "2013.10.10"]

1. e4 e6 2. d4 d5 3. Nc3 Bb4 4. exd5 exd5 5. Bd3 Ne7 6. Qh5 Nbc6 7. Ne2 Be6 8.
a3 Bxc3+ 9. bxc3 Qd7 10. Ng3 O-O-O 11. O-O h6 12. Qe2 h5 13. a4 h4 14. Nh1 Rdg8
15. f3 g5 16. Nf2 f5 17. Re1 Bf7 18. Ba3 Ng6 19. Qd2 g4 20. fxg4 fxg4 21. Rf1
Be6 22. Nd1 g3 23. h3 Kb8 24. Ne3 Nge7 25. Rae1 Bxh3 26. Bxe7 Nxe7 27. gxh3 Qxh3
28. Rf3 Qd7 29. Nf5 Nc8 30. Qf4 a6 31. a5 Ka7 32. Bf1 Nd6 33. Nxd6 cxd6 34. Qf5
Qa4 35. Bh3 Rf8 36. Qd3 Rxf3 37. Qxf3 Qxc2 38. Re2 Qd1+ 39. Qf1 Qd3 40. Re7 Qxc3
41. Qb1 Rb8 42. Qb6+ Ka8 43. Bf1 Qc1 44. Qxd6 g2 45. Kxg2 Rg8+ 46. Kh2 Qxf1 47.
Rg7 Qe2+ 48. Kh3 Qd3+ 49. Kh2 Qc2+ 50. Kh1 Qc1+ 51. Kh2 Rxg7 52. Qf8+ Ka7 53.
Qxg7 Qf4+ 54. Kh1 Qf3+ 55. Kh2 h3 0-1

[Event "Indonesia Open 2013"]
[Site "Jakarta INA"]
[Date "2013.10.16"]
[Round "9.32"]
[White "Sinurat, Tumpak"]
[Black "Wahono, Awam"]
[Result "1-0"]
[BlackTitle "IM"]
[WhiteElo "2249"]
[BlackElo "2376"]
[WhiteFideId "7104138"]
[BlackFideId "7100760"]
[EventDate "2013.10.10"]

1. e4 g6 2. d4 Bg7 3. Be3 d6 4. Qd2 c6 5. c4 a6 6. a4 a5 7. Nc3 Na6 8. h3 Bd7 9.
f4 Nb4 10. Nf3 Qc7 11. Be2 e6 12. O-O Ne7 13. Rac1 Rd8 14. Rfd1 Bc8 15. Qe1 d5
16. e5 Qb8 17. Bf1 h5 18. Ng5 Bh6 19. g4 Bd7 20. Qf2 Rc8 21. Be2 Rc7 22. b3 Qd8
23. Bf3 Bc8 24. Na2 Nxa2 25. Qxa2 b6 26. Qd2 Rb7 27. Be2 Rb8 28. Qe1 Bg7 29. Nf3
Bd7 30. Bd2 Ng8 31. Kg2 Bf8 32. Bd3 Nh6 33. gxh5 gxh5 34. Kh2 Be7 35. Ng5 Qc7
36. Qe2 Ng8 37. cxd5 exd5 38. f5 c5 39. Kh1 f6 40. Nf3 Kd8 41. Rg1 fxe5 42. dxe5
Bf8 43. Bg5+ Kc8 44. Ba6+ Rb7 45. e6 Bc6 46. Rcf1 d4 47. f6 d3 48. Bxd3 Kb8 49.
Be4 Bd6 50. f7 Ne7 51. Nd2 Ka7 52. Nc4 Rbb8 53. Qf3 1-0

[Event "Indonesia Open 2013"]
[Site "Jakarta INA"]
[Date "2013.10.16"]
[Round "9.34"]
[White "Lorparizangeneh, Shahin"]
[Black "Ardiansyah, H"]
[Result "0-1"]
[WhiteTitle "FM"]
[BlackTitle "GM"]
[WhiteElo "2249"]
[BlackElo "2368"]
[WhiteFideId "12521604"]
[BlackFideId "7100027"]
[EventDate "2013.10.10"]

1. d4 d5 2. c4 dxc4 3. e4 c5 4. d5 e5 5. Nc3 a6 6. a4 Bd6 7. Nf3 Bg4 8. Bxc4 Ne7
9. Be2 Bxf3 10. Bxf3 O-O 11. a5 Nd7 12. O-O Ng6 13. g3 c4 14. Be2 Rc8 15. Be3
Bc5 16. Qd2 Bb4 17. Bg4 h5 18. Bh3 Bd6 19. Qe2 Bc5 20. Qxh5 Bxe3 21. fxe3 Rc5
22. Bf5 Nf6 23. Qg5 Ne7 24. Bh3 Qd6 25. Rf2 Nh7 26. Qh5 Nf6 27. Qe2 Rd8 28. Qc2
Kh8 29. Qa4 Nh7 30. Bg4 Nf6 31. Be2 Nc8 32. Raf1 Qc7 33. Rxf6 gxf6 34. Rxf6 Nd6
35. Qd1 Kg7 36. Rf2 Qe7 37. h4 Rg8 38. Kh2 Kf8 39. Bh5 Rg7 40. Bg4 Rxa5 41. Bf5
b5 42. Ne2 b4 43. Qc2 Ra1 44. Nc1 a5 45. Qd2 a4 46. h5 Qg5 47. Qxb4 Qxg3+ 0-1

[Event "Indonesia Open 2013"]
[Site "Jakarta INA"]
[Date "2013.10.16"]
[Round "9.35"]
[White "Paragua, Mark"]
[Black "Senador, Emmanuel"]
[Result "1-0"]
[WhiteTitle "GM"]
[BlackTitle "IM"]
[WhiteElo "2571"]
[BlackElo "2323"]
[WhiteFideId "5201241"]
[BlackFideId "5200601"]
[EventDate "2013.10.10"]

1. d4 Nf6 2. Nf3 e6 3. c4 c5 4. Nc3 cxd4 5. Nxd4 Bb4 6. g3 O-O 7. Bg2 d5 8. O-O
dxc4 9. Qa4 Qe7 10. Nc2 a5 11. Qb5 Nc6 12. Qxc4 Bd7 13. Bg5 h6 14. Bxf6 Qxf6 15.
Ne4 Qg6 16. Nxb4 Nxb4 17. Nd6 Nd5 18. e4 b5 19. Qc5 Nf6 20. Rad1 Rfb8 21. f4 b4
22. e5 Nd5 23. f5 Qg5 24. fxe6 fxe6 25. Rxd5 Rc8 26. Nxc8 Rxc8 27. Qd4 1-0

[Event "Indonesia Open 2013"]
[Site "Jakarta INA"]
[Date "2013.10.16"]
[Round "9.36"]
[White "Hakiki, Kaisar Jenius"]
[Black "Torre, Eugenio"]
[Result "0-1"]
[WhiteTitle "FM"]
[BlackTitle "GM"]
[WhiteElo "2299"]
[BlackElo "2462"]
[WhiteFideId "7102097"]
[BlackFideId "5200016"]
[EventDate "2013.10.10"]

1. e4 e5 2. Nf3 Nc6 3. Bb5 a6 4. Ba4 Nf6 5. d3 d6 6. c3 g6 7. O-O Bg7 8. Re1 O-O
9. Nbd2 b5 10. Bb3 Na5 11. Bc2 c5 12. d4 cxd4 13. cxd4 exd4 14. Nxd4 Bb7 15. b4
Ng4 16. Qxg4 Bxd4 17. Rb1 Nc6 18. Nf3 Bc3 19. Re3 Bg7 20. Bb3 Rc8 21. Bd5 Ne5
22. Nxe5 Bxd5 23. exd5 Bxe5 24. Qd1 Qf6 25. Ra3 Rc4 26. Be3 Ra8 27. g3 Bc3 28.
Bd2 Bd4 29. Rf3 Qe7 30. Be3 Rac8 31. Qd3 Bxe3 32. Rxe3 Rd4 33. Re5 Rxd3 34. Rxe7
Rxd5 35. Ra7 Rc6 36. Re1 Re5 37. Rxe5 dxe5 38. h4 Kg7 39. a3 h5 40. Kg2 Kf6 41.
Rd7 Ke6 42. Rd3 f5 43. Kf1 e4 44. Rd8 Rc1+ 45. Ke2 Ra1 46. Rb8 Rxa3 47. Rb6+ Kf7
48. Kd2 Kg7 49. Rc6 Rd3+ 50. Ke2 Rb3 51. Rxa6 Rxb4 52. Ra7+ Kh6 53. Rb7 Rb3 54.
Kf1 f4 55. gxf4 Rf3 56. Kg2 Rxf4 57. Kg3 Rf5 58. Re7 Rf3+ 59. Kg2 Rf4 60. Kg3
Rg4+ 61. Kh3 b4 62. Rb7 e3 63. fxe3 Re4 64. Kg3 Rxe3+ 65. Kf2 Re4 66. Kg3 Rc4
67. Kh3 Rg4 68. Rc7 g5 69. Rc6+ Kg7 70. hxg5 Rxg5 71. Rb6 Rg4 72. Rb7+ Kf6 73.
Rb5 Ke6 74. Rxh5 Rd4 75. Kg2 Kd6 76. Kf2 Rd5 77. Rh8 Kc5 78. Ke3 b3 79. Ke4 Rd1
80. Rb8 Kc4 81. Rc8+ Kb4 82. Rb8+ Kc3 83. Rc8+ Kd2 84. Rb8 Kc2 85. Rc8+ Kb1 86.
Rb8 b2 87. Ke3 Rd5 88. Ra8 Kc2 89. Rc8+ Kb3 90. Rb8+ Kc3 91. Ke2 Rd4 0-1

[Event "Indonesia Open 2013"]
[Site "Jakarta INA"]
[Date "2013.10.16"]
[Round "9.37"]
[White "Sihite, Chelsie Monica"]
[Black "Irwanto, Sadikin"]
[Result "1-0"]
[WhiteTitle "WIM"]
[BlackTitle "IM"]
[WhiteElo "2267"]
[BlackElo "2407"]
[WhiteFideId "7101198"]
[BlackFideId "7100590"]
[EventDate "2013.10.10"]

1. e4 c6 2. d4 d5 3. Nc3 dxe4 4. Nxe4 Nf6 5. Nxf6+ gxf6 6. Bc4 Bf5 7. Ne2 e6 8.
Ng3 Bg6 9. O-O Nd7 10. f4 f5 11. Bb3 Qh4 12. Qe1 O-O-O 13. Be3 Nf6 14. h3 Rg8
15. Nh1 Qxe1 16. Rfxe1 Bd6 17. c4 Bh5 18. Kh2 Rg6 19. Rac1 Rdg8 20. Rc2 Ne4 21.
d5 c5 22. Bc1 R6g7 23. dxe6 fxe6 24. Rxe4 fxe4 25. Rf2 Be8 26. Be3 h5 27. Bd1
Kc7 28. g3 Bg6 29. Rd2 Bf7 30. b3 b6 31. Rg2 Bg6 32. Nf2 e5 33. f5 Bxf5 34. Bxh5
Be7 35. Be2 Bh4 36. g4 Bg6 37. Nd1 Rd8 38. g5 Bf5 39. Nc3 Rh8 40. Bg4 Bh7 41.
Bd1 Rhg8 42. Nd5+ Kd6 43. Nf6 Rf8 44. Rg4 1-0

[Event "Indonesia Open 2013"]
[Site "Jakarta INA"]
[Date "2013.10.16"]
[Round "9.38"]
[White "Smirnov, Anton"]
[Black "Karavade, Eesha"]
[Result "1-0"]
[WhiteTitle "FM"]
[BlackTitle "IM"]
[WhiteElo "2306"]
[BlackElo "2400"]
[WhiteFideId "3208923"]
[BlackFideId "5012600"]
[EventDate "2013.10.10"]

1. e4 e5 2. Nf3 Nc6 3. Bb5 a6 4. Ba4 Nge7 5. O-O g6 6. d4 exd4 7. Nxd4 Bg7 8. c3
O-O 9. Bg5 h6 10. Nxc6 bxc6 11. Bh4 g5 12. Bg3 Ng6 13. Nd2 Rb8 14. Rb1 c5 15.
Bb3 d6 16. Qe2 Qf6 17. Kh1 Bd7 18. Rbe1 a5 19. Qd3 Nf4 20. Bxf4 Qxf4 21. g3 Qg4
22. f3 Qh3 23. Nc4 a4 24. Bc2 Be6 25. e5 Rfd8 26. exd6 cxd6 27. b3 axb3 28. axb3
d5 29. Ne3 d4 30. Qh7+ Kf8 31. Bf5 Qh5 32. Bg4 Qg6 33. Qxg6 fxg6 34. Bxe6 dxe3
35. Rxe3 Bf6 36. f4 gxf4 37. Rxf4 Kg7 38. Ra4 Rb7 39. Bc4 Rd1+ 40. Kg2 Rd2+ 41.
Kh3 Rc2 42. Ra6 Rxc3 43. Ree6 Bg5 44. Rxg6+ Kh7 45. Bg8+ Kh8 46. Ra8 Rg7 47.
Bc4+ Kh7 48. Rd6 Re7 49. Kg4 Bc1 50. h4 h5+ 51. Kh3 Bf4 52. Rd3 Re3 53. Rd7+ Kg6
54. Ra6+ Kf5 55. Rf7+ Ke5 56. Re6+ 1-0

[Event "Indonesia Open 2013"]
[Site "Jakarta INA"]
[Date "2013.10.16"]
[Round "9.39"]
[White "Gunawan, Ronny"]
[Black "Bilguun, Sumiya"]
[Result "1-0"]
[WhiteTitle "IM"]
[BlackTitle "FM"]
[WhiteElo "2395"]
[BlackElo "2284"]
[WhiteFideId "7100035"]
[BlackFideId "4901541"]
[EventDate "2013.10.10"]

1. b4 e5 2. Bb2 Bxb4 3. Bxe5 Nf6 4. Nf3 O-O 5. g3 Re8 6. Bg2 d5 7. O-O Nbd7 8.
Bb2 Bf8 9. d3 c5 10. Nbd2 Rb8 11. a4 b6 12. e3 Ba6 13. c4 Bb7 14. Qc2 Rc8 15. a5
dxc4 16. dxc4 Ra8 17. Ra3 Qc7 18. Rfa1 Bc6 19. Bc3 Reb8 20. Rb1 Qb7 21. a6 Qc7
22. e4 Bd6 23. Nh4 Be5 24. f4 Bxc3 25. Rxc3 Nf8 26. e5 Ne8 27. Bxc6 Qxc6 28. Nf5
Qc7 29. Ne4 Ne6 30. Rd3 g6 31. Nfd6 Nxd6 32. exd6 Qc6 33. Re1 Nd4 34. Rxd4 cxd4
35. Qd3 Rc8 36. Qxd4 Qxc4 37. Nf6+ Kf8 38. Re8+ Rxe8 39. Qxc4 Rac8 40. d7 1-0

[Event "Indonesia Open 2013"]
[Site "Jakarta INA"]
[Date "2013.10.16"]
[Round "9.40"]
[White "Tran, Tuan Minh"]
[Black "Panggabean, Hasian"]
[Result "0-1"]
[WhiteTitle "FM"]
[WhiteElo "2344"]
[BlackElo "2190"]
[WhiteFideId "12401820"]
[BlackFideId "7101023"]
[EventDate "2013.10.10"]

1. d4 d5 2. Nf3 Nf6 3. c4 c6 4. g3 dxc4 5. Bg2 g6 6. Ne5 Be6 7. Nc3 Nbd7 8. Nf3
Nb6 9. e4 Bg7 10. Be3 O-O 11. Qd2 Qc8 12. h3 Rd8 13. Ng5 Ne8 14. O-O-O Nc7 15.
f4 Nb5 16. Nxb5 cxb5 17. Qb4 Bd7 18. h4 h6 19. Nf3 e6 20. Qc5 Bc6 21. f5 Bf8 22.
Qe5 Bd6 0-1

[Event "Indonesia Open 2013"]
[Site "Jakarta INA"]
[Date "2013.10.16"]
[Round "9.41"]
[White "Khairul, Anam"]
[Black "Marentek, Hanny"]
[Result "1/2-1/2"]
[WhiteTitle "FM"]
[BlackTitle "FM"]
[WhiteElo "2301"]
[BlackElo "2208"]
[WhiteFideId "7102429"]
[BlackFideId "7100825"]
[EventDate "2013.10.10"]

1. d4 d5 2. c4 c6 3. Nf3 Nf6 4. Nc3 e6 5. Bg5 Be7 6. e3 O-O 7. Rc1 Nbd7 8. Bd3
h6 9. Bh4 Nh5 10. Bxe7 Qxe7 11. O-O dxc4 12. Bxc4 e5 13. Re1 e4 14. Nd2 Nhf6 15.
a3 Nb6 16. Ba2 Bf5 17. Bb1 Bg6 18. Ne2 Bh5 19. Qc2 Bxe2 20. Rxe2 Rfe8 21. Nc4
Nxc4 22. Qxc4 Red8 23. Rec2 Rd5 24. Qe2 Rg5 25. Rc5 Nd5 26. Qc2 Re8 27. Ba2 Rd8
28. Bb1 Re8 29. Ba2 Rd8 30. Bb1 Re8 31. Ba2 1/2-1/2

[Event "Indonesia Open 2013"]
[Site "Jakarta INA"]
[Date "2013.10.16"]
[Round "9.42"]
[White "Dewi, Aa Citra"]
[Black "Pham, Le Thao Nguyen"]
[Result "0-1"]
[WhiteTitle "WFM"]
[BlackTitle "IM"]
[WhiteElo "2133"]
[BlackElo "2389"]
[WhiteFideId "7101244"]
[BlackFideId "12401226"]
[EventDate "2013.10.10"]

1. e4 c5 2. Nf3 e6 3. d4 cxd4 4. Nxd4 a6 5. Bd3 Bc5 6. Nb3 Be7 7. Qg4 Bf6 8. Qg3
Nc6 9. Nc3 d6 10. Bf4 e5 11. Bd2 Be6 12. Nd5 Bxd5 13. exd5 Nce7 14. c4 Ng6 15.
O-O N8e7 16. Qf3 O-O 17. g3 Re8 18. Bc3 Bg5 19. h4 Bh6 20. Nd2 Qd7 21. h5 Nf8
22. g4 Bf4 23. Qh3 h6 24. Ne4 Nh7 25. Bb4 Ng5 26. Nxg5 Bxg5 27. Qf3 Bf4 28. Kh1
a5 29. Ba3 b6 30. Rg1 Rad8 31. Rg2 Kf8 32. b3 Ng8 33. Re1 Qe7 34. Bf5 Qg5 35.
Kg1 Nf6 36. Qd3 Re7 37. f3 Rc7 38. Bb2 Ng8 39. a4 Ne7 40. Be4 g6 41. hxg6 fxg6
42. Kf2 Kg7 43. Rh1 Ng8 44. Qe2 Rf7 45. Ke1 Rdf8 46. Rh3 Qd8 47. Qc2 Rf6 48. Ke2
Qc7 49. Bc3 Bg5 50. Be1 Qf7 51. Rf2 Rb8 52. Rfh2 Qe8 53. Rh1 Rf8 54. Qd3 Rb7 55.
Kd1 Qf7 56. Qe2 Qf6 57. Kc2 Qf7 58. Bd3 Qe7 59. Qe4 Qe8 60. Qe2 Rb8 61. Rf1 Nf6
62. Rfh1 Ng8 63. Kb2 Qf7 64. Ka2 Qf4 65. Bg3 Qe3 66. Qxe3 Bxe3 67. Bh4 Rf7 68.
Re1 Bf4 69. Kb1 Rbf8 70. Bf2 Bd2 71. Rd1 Bb4 72. Be2 Bc5 73. Bh4 Be3 74. Kc2 Bg5
75. Bf2 Rb8 76. Rg1 Nf6 77. Bd3 Nd7 78. Kd1 Rbf8 79. Ke2 Rb8 80. Rb1 Nc5 81.
Bxc5 bxc5 82. Bc2 Rf4 83. Be4 Rf7 84. Kd3 Kf6 85. Kc2 Bf4 86. Rbh1 Rfb7 87. Rb1
Kg5 88. Bd3 Kf6 89. Be4 Rg7 90. Kd3 Rh8 91. Rhh1 Rb7 92. Kc2 Rbh7 93. Kd1 h5 94.
gxh5 Rxh5 95. Rxh5 gxh5 96. Bd3 h4 97. Bf1 Bg3 98. Bh3 Kg5 99. Ke2 Kf4 100. Rd1
Rg8 101. Rd3 Bh2 102. Re3 Bg1 103. Re4+ Kg3 0-1

[Event "Indonesia Open 2013"]
[Site "Jakarta INA"]
[Date "2013.10.16"]
[Round "9.43"]
[White "Situru, Muhammad Ivan"]
[Black "Hamdani, Rudin"]
[Result "0-1"]
[WhiteTitle "IM"]
[BlackTitle "FM"]
[WhiteElo "2290"]
[BlackElo "2339"]
[WhiteFideId "7100426"]
[BlackFideId "7100213"]
[EventDate "2013.10.10"]

1. e4 e5 2. Nf3 Nc6 3. d4 exd4 4. Bc4 Nf6 5. O-O Nxe4 6. Re1 d5 7. Bb5 Bd6 8.
Bxc6+ bxc6 9. Qxd4 O-O 10. Be3 c5 11. Qd1 Rb8 12. b3 Qf6 13. Nbd2 Nc3 14. Qc1 h6
15. Nf1 Bg4 16. Bd2 Ne4 17. Re3 Rfe8 18. c4 d4 19. Rd3 Bf5 20. Qc2 g5 0-1

[Event "Indonesia Open 2013"]
[Site "Jakarta INA"]
[Date "2013.10.16"]
[Round "9.44"]
[White "Surya, Wahyudi"]
[Black "Tirto"]
[Result "1/2-1/2"]
[BlackTitle "IM"]
[WhiteElo "2279"]
[BlackElo "2328"]
[WhiteFideId "7102542"]
[BlackFideId "7101058"]
[EventDate "2013.10.10"]

1. d4 Nf6 2. Nf3 d5 3. c4 e6 4. Nc3 Bb4 5. Bg5 Nbd7 6. cxd5 exd5 7. Qc2 c5 8. a3
Qa5 9. Bd2 O-O 10. Rc1 Bxc3 11. Bxc3 Qc7 12. dxc5 Qxc5 13. e3 Re8 14. b4 Qe7 15.
Qb2 Ne4 16. Bxg7 Nxf2 17. Bh6 Qf6 18. Qxf6 Nxf6 19. Kxf2 Ng4+ 20. Kg3 Nxh6 21.
Bd3 Rxe3 22. Rhd1 Re7 23. Rc5 Be6 24. Re1 Rae8 25. h3 b6 26. Rc6 Bf5 27. Rxe7
Rxe7 28. Ba6 Kg7 29. Rd6 Be6 30. Nd4 Ng8 31. Kf4 Nf6 32. Bd3 h6 33. Bf5 Ne8 34.
Nxe6+ fxe6 35. Rxe6 Rxe6 36. Bxe6 Nc7 37. Bd7 Kf6 38. g4 Ke7 39. Bf5 Nb5 40. a4
Nc3 41. Bc2 d4 42. Ke5 d3 43. Bxd3 Nxa4 44. Kd4 Ke6 45. Bb5 Nb2 46. Be2 h5 47.
g5 h4 48. Kc3 Na4+ 49. Kb3 b5 50. Bxb5 Nb6 51. Bd3 Ke5 52. b5 Nd5 53. g6 Kf6 54.
Ka4 Nf4 55. Bf5 Nd5 56. Bc2 Nf4 57. Bf5 Nd5 58. Bd3 Nf4 59. Bf5 Nd5 60. Bd3 Nf4 1/2-1/2

[Event "Indonesia Open 2013"]
[Site "Jakarta INA"]
[Date "2013.10.16"]
[Round "9.45"]
[White "Suyud, Hartoyo"]
[Black "Manakova, Maria"]
[Result "0-1"]
[BlackTitle "WGM"]
[WhiteElo "2226"]
[BlackElo "2320"]
[WhiteFideId "7102704"]
[BlackFideId "927007"]
[EventDate "2013.10.10"]

1. d4 Nf6 2. c4 e6 3. Nc3 Bb4 4. Qc2 c5 5. dxc5 Na6 6. a3 Bxc3+ 7. Qxc3 Nxc5 8.
b4 Na4 9. Qc2 b5 10. cxb5 Nb6 11. Bf4 Nfd5 12. Be5 f6 13. Bd4 e5 14. Bb2 Bb7 15.
e3 Rc8 16. Qb3 Ne7 17. Nf3 Bd5 18. Qd1 Nc4 19. Bc1 Qb6 20. Qa4 Qe6 21. Nd2 Nxd2
22. Bxd2 O-O 23. Qa6 d6 24. f3 e4 25. f4 g5 26. Be2 gxf4 27. O-O Rc2 28. Rxf4
Rxd2 29. Bg4 Qe5 30. Rd1 Rxd1+ 31. Bxd1 Ng6 32. Rf2 Qc3 33. Qxa7 Bc4 34. Be2
Qe1+ 35. Bf1 Ne5 36. Qd4 Bd3 37. h3 Nc4 38. b6 Qxe3 39. Qxe3 Nxe3 40. b7 Bxf1 0-1

[Event "Indonesia Open 2013"]
[Site "Jakarta INA"]
[Date "2013.10.16"]
[Round "9.46"]
[White "Nakhbayeva, Guliskhan"]
[Black "Emperado, Emmanuel"]
[Result "0-1"]
[WhiteTitle "WGM"]
[WhiteElo "2307"]
[BlackElo "2297"]
[WhiteFideId "13704788"]
[BlackFideId "5209960"]
[EventDate "2013.10.10"]

1. d4 Nf6 2. c4 e6 3. Nc3 Bb4 4. e3 O-O 5. Bd3 d5 6. Nf3 b6 7. O-O Bb7 8. cxd5
exd5 9. a3 Bd6 10. b4 Nbd7 11. Qb3 a6 12. a4 c6 13. Ba3 b5 14. a5 Re8 15. Nd2
Nh5 16. Rae1 Qf6 17. Be2 Qh6 18. Bxh5 Qxh5 19. h3 Nf6 20. Bc1 Bc8 21. f4 Bf5 22.
Nf3 Bd3 23. Rf2 Bc4 24. Qb1 Ne4 25. Nxe4 Rxe4 26. Nd2 Re7 27. Nxc4 bxc4 28. Bd2
Re4 29. Qc2 Rb8 30. Qa4 Rb5 31. Bc3 Qh4 32. Bd2 Qh5 33. Bc3 Qf5 34. Rb2 Qe6 35.
Kf2 Qe7 36. Rbb1 Qh4+ 37. Kg1 Qg3 38. Bd2 g5 39. Rf1 gxf4 40. Rf3 Qg5 41. exf4
Qf6 42. Kh1 Bf8 43. f5 Bg7 44. Rbf1 h6 45. Qa3 Kh7 46. g4 Rb8 47. Rg1 Qd6 48. f6
Bxf6 49. Rgf1 Bxd4 50. Rxf7+ Bg7 51. Qf3 Rbe8 52. Qf5+ Kh8 53. g5 Re2 54. Bf4
Qe6 55. gxh6 Qxf5 56. Rxf5 Bd4 57. Bd6 Re1 58. Rf8+ Rxf8 59. Rxe1 Rf6 60. Bc5
Bxc5 0-1

[Event "Indonesia Open 2013"]
[Site "Jakarta INA"]
[Date "2013.10.16"]
[Round "9.47"]
[White "Yoseph, Theolifus Taher"]
[Black "Sutarno"]
[Result "0-1"]
[WhiteElo "2345"]
[BlackElo "2251"]
[WhiteFideId "7105347"]
[BlackFideId "7101139"]
[EventDate "2013.10.10"]

1. c4 e5 2. g3 Nf6 3. Bg2 Nc6 4. Nf3 h6 5. O-O Bc5 6. a3 a5 7. e3 e4 8. Ne1 O-O
9. Nc3 Re8 10. Qc2 Qe7 11. d4 exd3 12. Nxd3 Ne5 13. Nxc5 Qxc5 14. b3 Rb8 15. Bb2
d6 16. h3 Bd7 17. a4 Nc6 18. Nb5 Nb4 19. Qd1 Ne4 20. Bd4 Qc6 21. Kh2 Bf5 22. Nc3
Qd7 23. Nd5 Nxd5 24. cxd5 c5 25. Bb2 b5 26. f3 Nxg3 27. Kxg3 Rxe3 28. Bc1 Rd3
29. Qe1 b4 30. Kh2 Kh7 31. Qg3 Re8 32. Rg1 Re2 33. Kh1 Bg6 34. Bf1 Rxf3 35. Qxf3
Be4 36. Rg3 Bxf3+ 37. Rxf3 Re1 38. Bb2 Rxa1 39. Bxa1 Qe8 40. Rg3 Qe4+ 41. Kh2 g6
42. Bc4 f5 43. Rg2 Qf4+ 44. Kh1 Qc1+ 45. Rg1 Qe3 46. Rg2 Qxh3+ 47. Kg1 Qe3+ 48.
Kh1 f4 49. Bb2 f3 50. Rc2 f2 51. Kh2 Qf4+ 52. Kg2 Qe4+ 0-1

[Event "Indonesia Open 2013"]
[Site "Jakarta INA"]
[Date "2013.10.16"]
[Round "9.48"]
[White "Suradiradja, Herman"]
[Black "Bancod, Ronald"]
[Result "1-0"]
[WhiteTitle "GM"]
[BlackTitle "IM"]
[WhiteElo "2215"]
[BlackElo "2306"]
[WhiteFideId "7100167"]
[BlackFideId "5200938"]
[EventDate "2013.10.10"]

1. e4 c5 2. Nf3 Nc6 3. c3 d5 4. exd5 Qxd5 5. d4 Nf6 6. Be2 cxd4 7. cxd4 e6 8.
O-O Be7 9. Nc3 Qd6 10. Bg5 O-O 11. Qd2 b6 12. Rfd1 Bb7 13. Rac1 Rac8 14. a3 Rfd8
15. Bf4 Qd7 16. Bb5 Bd6 17. Ne5 Qe7 18. Qe3 Na5 19. b4 Bxb4 20. axb4 Qxb4 21.
Bf1 Nb3 22. Na2 Qa4 23. Rb1 Nxd4 24. Nc3 Qa5 25. Rxd4 Rxd4 26. Qxd4 Qxc3 27.
Qxc3 Rxc3 28. Re1 a5 29. Nc4 Rb3 30. Be3 1-0

[Event "Indonesia Open 2013"]
[Site "Jakarta INA"]
[Date "2013.10.16"]
[Round "9.49"]
[White "Azarya, Jodi Setyaki"]
[Black "Pitra, Andika"]
[Result "1/2-1/2"]
[WhiteTitle "CM"]
[BlackTitle "FM"]
[WhiteElo "2126"]
[BlackElo "2276"]
[WhiteFideId "7101589"]
[BlackFideId "7103255"]
[EventDate "2013.10.10"]

1. e4 c5 2. Nf3 Nc6 3. d4 cxd4 4. Nxd4 Nf6 5. Nc3 d6 6. Bc4 e5 7. Nb3 Be6 8.
Bxe6 fxe6 9. g4 h6 10. g5 hxg5 11. Bxg5 Be7 12. Qd2 Qd7 13. O-O-O O-O-O 14. Qe2
Kb8 15. h4 a6 16. Kb1 Qe8 17. Na4 Nh5 18. Be3 Nf4 19. Qd2 Rf8 20. Nb6 Qg6 21. f3
Qg3 22. Rdf1 d5 23. Na5 Na7 24. Bf2 Qg6 25. exd5 exd5 26. Qe3 Nc6 27. Nxc6+ Qxc6
28. Qxe5+ Bd6 29. Qd4 Bc7 30. Na4 Ne6 31. Qa7+ Kc8 32. Nb6+ Bxb6 33. Bxb6 Rd6
34. Bg1 d4 35. Bh2 Rd5 36. Qb8+ Kd7 37. Qg3 Rb5 38. Re1 Rxf3 39. Qg4 d3 40. c4
Rf2 41. b3 Rbf5 42. Rd1 Qf3 43. Qg3 Qxg3 44. Bxg3 R2f3 45. Rhg1 Ke7 46. Kb2 Kf7
47. Be1 Nc5 48. Bc3 g6 49. Bd4 Ne6 50. Bc3 R5f4 51. Rh1 Nc5 52. h5 gxh5 53. Rxh5
Ne4 54. Be5 Rf2+ 55. Ka3 Rf5 56. Rh7+ Ke6 57. Bd4 Rd2 58. Re1 Re2 59. Rd1 Rd2
60. Re1 Re2 61. Rd1 d2 62. Rhh1 Ng3 63. Rhg1 Rf1 64. Rgxf1 Nxf1 65. Kb2 Re1 66.
Kc2 Kf5 67. Rxd2 Nxd2 68. Kxd2 Rh1 69. Kc3 Ke4 70. Bb6 Rh2 71. a4 Rh3+ 72. Kc2
Kf3 73. a5 Ke2 74. b4 Kf3 75. b5 Ke4 76. bxa6 bxa6 77. c5 Kd5 78. Kd2 Kc6 79.
Kc2 Kb5 80. Kd2 Rf3 81. Kc2 Kb4 82. Kd2 Kb5 83. Kc2 Ra3 84. Kd2 Ra4 85. Kd3 Ra1
86. Kd4 Rd1+ 87. Kc3 Kc6 88. Kc2 Rh1 89. Kd2 Kd5 90. Kc2 Rh2+ 91. Kd3 Rh3+ 92.
Ke2 Rh6 93. Kd3 Rc6 94. Kc3 Ke4 95. Kc4 1/2-1/2

[Event "Indonesia Open 2013"]
[Site "Jakarta INA"]
[Date "2013.10.16"]
[Round "9.50"]
[White "Mahmud, Syarif"]
[Black "Bachtiar, Ahmad Ina"]
[Result "1-0"]
[WhiteTitle "FM"]
[WhiteElo "2252"]
[BlackElo "2219"]
[WhiteFideId "7100108"]
[BlackFideId "7102682"]
[EventDate "2013.10.10"]

1. d4 Nf6 2. c4 g6 3. Nc3 d5 4. Nf3 Bg7 5. Bf4 c5 6. dxc5 Qa5 7. Rc1 O-O 8. e3
Rd8 9. Qa4 Qxc5 10. Be2 Bd7 11. Qb3 Nc6 12. Qb5 Qxb5 13. cxb5 Nb8 14. O-O 1-0